|
|
|
|
| LEADER |
00000nam0a2200000 4500 |
| 001 |
265431 |
| 005 |
20231101233923.0 |
| 010 |
|
|
|a 9785394019999
|
| 035 |
|
|
|a (RuTPU)RU\TPU\book\288432
|
| 090 |
|
|
|a 265431
|
| 100 |
|
|
|a 20140626d2014 m y0rusy50 ca
|
| 101 |
0 |
|
|a rus
|
| 102 |
|
|
|a RU
|
| 105 |
|
|
|a a j 001zy
|
| 200 |
1 |
|
|a Концепции современного естествознания
|e учебник
|f В. Ф. Тулинов, К. В. Тулинов
|
| 205 |
|
|
|a 3-е изд., перераб. и доп.
|
| 210 |
|
|
|a Москва
|c Дашков и К
|d 2014
|
| 215 |
|
|
|a 483 с.
|c ил.
|
| 320 |
|
|
|a Библиогр.: с. 479-482.
|
| 330 |
|
|
|a Учебник подготовлен в соответствии с требованиями Государственного образовательного стандарта высшего профессионального образования по дисциплине «Концепции современного естествознания». Представлена широкая панорама естественно-научных концепций в их историческом развитии, имеющих важное мировоззренческое и методическое значение. Освещены различные процессы и явления в живой и неживой природе, принципы эволюции, воспроизводства и развития живых систем. Для студентов бакалавриата и специалитета, преподавателей высших учебных заведений, а также всех интересующихся проблемами современного естествознания.
|
| 606 |
1 |
|
|a Естествознание
|x Концептуальные основы
|2 stltpush
|3 (RuTPU)RU\TPU\subj\67376
|9 83201
|
| 610 |
1 |
|
|a естественно-научная культура
|
| 610 |
1 |
|
|a гуманитарная культура
|
| 610 |
1 |
|
|a научный метод
|
| 610 |
1 |
|
|a природа
|
| 610 |
1 |
|
|a описание
|
| 610 |
1 |
|
|a физические концепции
|
| 610 |
1 |
|
|a химические концепции
|
| 610 |
1 |
|
|a геологические концепции
|
| 610 |
1 |
|
|a биологические концепции
|
| 610 |
1 |
|
|a человек
|
| 610 |
1 |
|
|a материя
|
| 610 |
1 |
|
|a самоорганизация
|
| 610 |
1 |
|
|a универсальный эволюционизм
|
| 610 |
1 |
|
|a учебники
|
| 675 |
|
|
|a 50(075.8)
|v 3
|
| 700 |
|
1 |
|a Тулинов
|b В. Ф.
|g Владимир Филиппович
|
| 701 |
|
1 |
|a Тулинов
|b К. В.
|g Константин Владимирович
|
| 801 |
|
1 |
|a RU
|b 63413507
|c 20140626
|
| 801 |
|
2 |
|a RU
|b 63413507
|c 20150630
|g RCR
|
| 900 |
|
|
|a Концепции современного естествознания
|
| 942 |
|
|
|c BK
|
| 959 |
|
|
|a 110/20140626
|d 5
|e 286,00
|f ЧЗТЛ:1
|f АНЛ:1
|f УФ:3
|